Early voyages to California ... (Record no. 51900)

MARC details
000 -LEADER
fixed length control field 01873cam a22003251 4500
001 - CONTROL NUMBER
control field rc 01000777
003 - CONTROL NUMBER IDENTIFIER
control field DLC
005 - DATE AND TIME OF LATEST TRANSACTION
control field 20260227111901.0
007 - PHYSICAL DESCRIPTION FIXED FIELD--GENERAL INFORMATION
fixed length control field cr |||||||||||
008 - FIXED-LENGTH DATA ELEMENTS--GENERAL INFORMATION
fixed length control field 820513s1874 mau 000 0 eng
010 ## - LIBRARY OF CONGRESS CONTROL NUMBER
LC control number rc 01000777
040 ## - CATALOGING SOURCE
Original cataloging agency DLC
Transcribing agency CarP
Modifying agency DLC
043 ## - GEOGRAPHIC AREA CODE
Geographic area code n-us-ca
050 00 - LIBRARY OF CONGRESS CALL NUMBER
Classification number F865
Item number .E2
245 00 - TITLE STATEMENT
Title Early voyages to California ...
260 ## - PUBLICATION, DISTRIBUTION, ETC.
Place of publication, distribution, etc. [Salem, Mass.,
Name of publisher, distributor, etc. Printed at the Salem press,
Date of publication, distribution, etc. 1874]
300 ## - PHYSICAL DESCRIPTION
Extent 32 p.
Dimensions 24 cm.
500 ## - GENERAL NOTE
General note Each part has also special t.p.
500 ## - GENERAL NOTE
General note "From Essex institute historical collections, vol. XII, no. 2."
520 ## - SUMMARY, ETC.
Summary, etc. Albert Peabody (1806-1879) and John Eagleston were Salem, Massachusetts merchants who sailed to California in the last months of 1848 to exploit the market for Eastern goods among the miners. Early voyages to California (1874) reprints two pieces from the Historical Collections of the Essex Institute. In the first, Peabody describes his December 1848 sailing with a cargo of foodstuffs and mining tools for the California gold camps, where he remained until 1851. Highlights include a voyage round the Horn and business life in San Francisco and Sacramento. In the second, Eagleston recounts his voyage in October 1848 and his brief stay in San Francisco to sell his cargo before returning east in the summer of 1849.
505 0# - FORMATTED CONTENTS NOTE
Formatted contents note The early days and rapid growth of California, by Alfred Peabody -- Account of an early California voyage, by J.H. Eagleston.
530 ## - ADDITIONAL PHYSICAL FORM AVAILABLE NOTE
Additional physical form available note Also available in digital form on the Library of Congress Web site.
540 ## - TERMS GOVERNING USE AND REPRODUCTION NOTE
Terms governing use and reproduction No known restrictions on publication.
651 #0 - SUBJECT ADDED ENTRY--GEOGRAPHIC NAME
Geographic name California
General subdivision Gold discoveries.
651 #0 - SUBJECT ADDED ENTRY--GEOGRAPHIC NAME
Geographic name California
General subdivision History.
650 #0 - SUBJECT ADDED ENTRY--TOPICAL TERM
Topical term or geographic name entry element Business
Geographic subdivision California.
700 1# - ADDED ENTRY--PERSONAL NAME
Personal name Peabody, Alfred,
Dates associated with a name 1806-1879.
700 1# - ADDED ENTRY--PERSONAL NAME
Personal name Eagleston, John H.
856 41 - ELECTRONIC LOCATION AND ACCESS
Path calbk
Electronic name 175
Electronic format type t
Uniform Resource Identifier <a href="http://hdl.loc.gov/loc.gdc/calbk.175">http://hdl.loc.gov/loc.gdc/calbk.175</a>

No items available.

Powered by Koha